000 01232nam a2200301Ia 4500
001 ebr10179965
003 CaPaEBR
006 m u
007 cr cn|||||||||
008 060803s2006 ilua jsb 001 0 eng d
020 _z0977129403 (pbk.)
020 _z0978503783
020 _z9780977129409 (pbk.)
040 _aCaPaEBR
_cCaPaEBR
035 _a(OCoLC)236336592
050 1 4 _aTT157
_b.B673 2006eb
100 1 _aBordessa, Kris.
245 1 0 _aGreat Colonial America projects
_h[electronic resource] :
_byou can build yourself! /
_cKris Bordessa.
260 _aChicago, IL :
_bNomad Press,
_cc2006.
300 _aix, 118 p. :
_bill.
504 _aIncludes bibliographical references and index.
533 _aElectronic reproduction.
_bPalo Alto, Calif. :
_cebrary,
_d2009.
_nAvailable via World Wide Web.
_nAccess may be limited to ebrary affiliated libraries.
650 0 _aHandicraft
_zUnited States
_vJuvenile literature.
651 0 _aUnited States
_xSocial life and customs
_yTo 1775
_vJuvenile literature.
655 7 _aElectronic books.
_2local
710 2 _aebrary, Inc.
856 4 0 _uhttp://site.ebrary.com/lib/rucke/Doc?id=10179965
_zAn electronic book accessible through the World Wide Web; click to view
999 _c144519
_d144519